Evaluación de la calidad del agua potable en cuatro plantas potabilizadoras de la región Boaco, Chontales para el período de tiempo 2003 - 2007
El presente estudio tuvo como objetivo realizar una evaluación de la calidad del agua haciendo uso de parámetros físicos, químicos, orgánicos y microbiológicos en cuatro plantas potabilizadoras ubicadas en los municipios de Santo Tomas, Juigalpa, Camoapa y Boaco para tres etapas del tratamient...
| Main Authors: | , |
|---|---|
| Other Authors: | |
| Format: | Tesis Section = Libro |
| Language: | Undetermined Spanish |
| Published: |
Managua
UNI
2008
|
| Subjects: |
| LEADER | 01344nam a2200253Ia 4500 | ||
|---|---|---|---|
| 008 | 240830s9999 xx 000 0 und d | ||
| 040 | |a BIBLIOTECA-RUSB/ Mon 628.16 M737 | ||
| 041 | |a spa | ||
| 082 | |a Mon 628.16 M737 | ||
| 100 | 1 | |a Moncada Romero, Justina del Rosario | |
| 100 | 1 | |b Munguía Acosta, Estela Alejandra | |
| 245 | 1 | 0 | |a Evaluación de la calidad del agua potable en cuatro plantas potabilizadoras de la región Boaco, Chontales para el período de tiempo 2003 - 2007 |
| 260 | |a Managua |b UNI |c 2008 | ||
| 300 | |a 128 p. :il. | ||
| 502 | |a Tesis (Ingeniero Químico) - UNI, 2008. | ||
| 520 | 3 | |a El presente estudio tuvo como objetivo realizar una evaluación de la calidad del agua haciendo uso de parámetros físicos, químicos, orgánicos y microbiológicos en cuatro plantas potabilizadoras ubicadas en los municipios de Santo Tomas, Juigalpa, Camoapa y Boaco para tres etapas del tratamiento convencional como son, agua sedimentada y agua filtrada potable durante el período de estudio 2003 - 2007. | |
| 650 | 7 | |a TRATAMIENTO DE AGUA POTABLE - BOACO - CHONTALES | |
| 650 | 7 | |b CALIDAD DEL AGUA - POTABILIZACION | |
| 650 | 7 | |c CARACTERISTICAS QUIMICAS DEL AGUA | |
| 650 | 7 | |d CARACTERISTICAS MICROBILOGICAS DEL AGUA | |
| 700 | 1 | |a Tutor: |b García Granados, Indiana | |
| 942 | |c BK |2 ddc | ||
| 991 | |a TESIS | ||
| 999 | |c 20408 | ||